<?xml version="1.0" encoding="UTF-8"?>
<collection xmlns="http://www.loc.gov/MARC21/slim">
 <record>
  <leader>01264nam a2200457   4500</leader>
  <controlfield tag="001">DLU080000024</controlfield>
  <controlfield tag="005">##20080114</controlfield>
  <controlfield tag="008">##951124c19779999iauuu1        0   a0eng  </controlfield>
  <datafield tag="010" ind1="#" ind2="#">
   <subfield code="a">   95659155 </subfield>
  </datafield>
  <datafield tag="022" ind1="#" ind2="#">
   <subfield code="a">0072879289</subfield>
  </datafield>
  <datafield tag="035" ind1="#" ind2="#">
   <subfield code="a">(OCoLC)ocm33724949 </subfield>
  </datafield>
  <datafield tag="040" ind1="#" ind2="#">
   <subfield code="a">DLC</subfield>
   <subfield code="c">DLC</subfield>
   <subfield code="d">NSDP</subfield>
   <subfield code="d">GU</subfield>
   <subfield code="d">CLU</subfield>
  </datafield>
  <datafield tag="042" ind1="#" ind2="#">
   <subfield code="a">lc</subfield>
   <subfield code="a">nsdp</subfield>
  </datafield>
  <datafield tag="043" ind1="#" ind2="#">
   <subfield code="a">n-us---</subfield>
  </datafield>
  <datafield tag="050" ind1="#" ind2="#">
   <subfield code="a">KF2750</subfield>
   <subfield code="b">.M34</subfield>
  </datafield>
  <datafield tag="082" ind1="#" ind2="#">
   <subfield code="a">343.730 9</subfield>
   <subfield code="b">PE-D</subfield>
  </datafield>
  <datafield tag="100" ind1="#" ind2="#">
   <subfield code="a">Pember, Don R.,</subfield>
   <subfield code="d">1939-</subfield>
  </datafield>
  <datafield tag="245" ind1="#" ind2="#">
   <subfield code="a">Mass media law /</subfield>
   <subfield code="c">Don R. Pember.</subfield>
  </datafield>
  <datafield tag="250" ind1="#" ind2="#">
   <subfield code="a">2005-2006 ed.</subfield>
  </datafield>
  <datafield tag="260" ind1="#" ind2="#">
   <subfield code="a">Boston :</subfield>
   <subfield code="b">McGraw-Hill ,</subfield>
   <subfield code="c">2005.</subfield>
  </datafield>
  <datafield tag="300" ind1="#" ind2="#">
   <subfield code="a">v. 597 p. ;</subfield>
   <subfield code="c">24 cm. +</subfield>
   <subfield code="e">1 CD (4 3/4 in).</subfield>
  </datafield>
  <datafield tag="500" ind1="#" ind2="#">
   <subfield code="a">Vols. for 1977-&lt;2001&gt; by: D.R. Pember.</subfield>
  </datafield>
  <datafield tag="500" ind1="#" ind2="#">
   <subfield code="a">Vols. for 2001-2002-   accompanied by CD-ROM.</subfield>
  </datafield>
  <datafield tag="515" ind1="#" ind2="#">
   <subfield code="a">Vols. for 1977-1993 called [1st]-6th ed.; 1996-   called 1996 ed.-</subfield>
  </datafield>
  <datafield tag="525" ind1="#" ind2="#">
   <subfield code="a">Kept up-to-date by supplements.</subfield>
  </datafield>
  <datafield tag="650" ind1="#" ind2="#">
   <subfield code="a">Mass media</subfield>
   <subfield code="x">Law and legislation</subfield>
   <subfield code="z">United States.</subfield>
  </datafield>
  <datafield tag="650" ind1="#" ind2="#">
   <subfield code="a">Press law</subfield>
   <subfield code="z">United States.</subfield>
  </datafield>
  <datafield tag="923" ind1="#" ind2="#">
   <subfield code="a">25/2007</subfield>
  </datafield>
  <datafield tag="992" ind1="#" ind2="#">
   <subfield code="a">34350</subfield>
  </datafield>
  <datafield tag="994" ind1="#" ind2="#">
   <subfield code="a">DLU</subfield>
  </datafield>
  <datafield tag="900" ind1="#" ind2="#">
   <subfield code="a">True</subfield>
  </datafield>
  <datafield tag="911" ind1="#" ind2="#">
   <subfield code="a">Nguyễn Thanh Hương</subfield>
  </datafield>
  <datafield tag="925" ind1="#" ind2="#">
   <subfield code="a">G</subfield>
  </datafield>
  <datafield tag="926" ind1="#" ind2="#">
   <subfield code="a">A</subfield>
  </datafield>
  <datafield tag="927" ind1="#" ind2="#">
   <subfield code="a">SH</subfield>
  </datafield>
  <datafield tag="980" ind1="#" ind2="#">
   <subfield code="a">Thư viện Trường Đại học Đà Lạt</subfield>
  </datafield>
 </record>
</collection>
